[Event "Montreal Mercredi 09"]
[Site "Montreal CAN"]
[Date "2008.09.10"]
[Round "2"]
[White "Dumont, Felix"]
[Black "Landry, Martin"]
[Result "1-0"]
[WhiteElo "1511"]
[BlackElo "1565"]
[PlyCount "39"]
[GameId "2160767910328202"]
[EventDate "2008.09.03"]
[EventType "tourn"]
[EventRounds "5"]
[EventCountry "CAN"]
[SourceTitle "EXT 2011"]
[Source "ChessBase"]
[SourceDate "2011.11.26"]
[SourceVersion "1"]
[SourceVersionDate "2011.11.26"]
[SourceQuality "1"]

1. c4 e5 2. Nc3 Nf6 3. Nf3 Nc6 4. d4 exd4 5. Nxd4 Nxd4 6. Qxd4 Be7 7. e4 d6 8. Be2 a6 9. O-O c5 10. Qd3 Bd7 11. Bf4 Qb6 12. Rfd1 Be6 13. Bxd6 Bxd6 14. Qxd6 Qxb2 15. Rab1 Qxc3 16. Rxb7 Ng8 17. Rb8+ Rxb8 18. Qxb8+ Bc8 19. Qxc8+ Ke7 20. Qd8+ 1-0

[Event "Montreal Mercredi 09"]
[Site "Montreal CAN"]
[Date "2008.09.10"]
[Round "2"]
[White "Gauthier, Luc"]
[Black "Germain, Max"]
[Result "1/2-1/2"]
[WhiteElo "1684"]
[BlackElo "1582"]
[PlyCount "40"]
[GameId "2160767910328203"]
[EventDate "2008.09.03"]
[EventType "tourn"]
[EventRounds "5"]
[EventCountry "CAN"]
[SourceTitle "EXT 2011"]
[Source "ChessBase"]
[SourceDate "2011.11.26"]
[SourceVersion "1"]
[SourceVersionDate "2011.11.26"]
[SourceQuality "1"]

1. e4 c5 2. Nc3 Nc6 3. f4 d6 4. Nf3 g6 5. Bb5 e6 6. Bxc6+ bxc6 7. d3 Bg7 8. O-O Ne7 9. Qe1 O-O 10. Be3 f5 11. e5 Nd5 12. Bd2 Nb4 13. Rc1 d5 14. a3 Na6 15. Ne2 Qb6 16. Rb1 c4+ 17. d4 c5 18. Bc3 Rf7 19. Qh4 Bf8 20. Ng5 Be7 1/2-1/2

[Event "Montreal Mercredi 09"]
[Site "Montreal CAN"]
[Date "2008.09.10"]
[Round "2"]
[White "Lamouche, Andre"]
[Black "Poschmann, Jeremie"]
[Result "0-1"]
[WhiteElo "1752"]
[BlackElo "1835"]
[PlyCount "69"]
[GameId "2160767739119978"]
[EventDate "2008.09.03"]
[EventType "tourn"]
[EventRounds "5"]
[EventCountry "CAN"]
[SourceTitle "EXT 2011"]
[Source "ChessBase"]
[SourceDate "2011.11.26"]
[SourceVersion "1"]
[SourceVersionDate "2011.11.26"]
[SourceQuality "1"]

1. e4 e6 2. d4 d5 3. Nc3 Bb4 4. e5 c5 5. a3 Bxc3+ 6. bxc3 Qc7 7. Bd3 Bd7 8. Qg4 Ne7 9. Nf3 Ba4 10. Qxg7 Rg8 11. Qxh7 cxd4 12. O-O Nbc6 13. cxd4 Kd7 14. Qh6 Rab8 15. Qe3 Na5 16. Bd2 Nc4 17. Bxc4 Qxc4 18. Rab1 Bc6 19. Qc3 Nf5 20. Rb4 Qa6 21. g3 Rbc8 22. Qb3 Rc7 23. Ng5 Kc8 24. Rb1 Qe2 25. Qd3 Qxd3 26. cxd3 a6 27. Nf3 Re8 28. Be3 Bb5 29. R4b3 Ba4 30. Rb6 Bc2 31. Rc1 Bxd3 32. Rxc7+ Kxc7 33. Rb3 Be4 34. Rc3+ Kd7 35. g4 {..} 0-1

[Event "Montreal Mercredi 09"]
[Site "Montreal CAN"]
[Date "2008.09.10"]
[Round "2"]
[White "Messier, Samuel"]
[Black "Rainton, Jean-Pierre"]
[Result "0-1"]
[WhiteElo "1608"]
[BlackElo "1702"]
[PlyCount "56"]
[GameId "2160767910328204"]
[EventDate "2008.09.03"]
[EventType "tourn"]
[EventRounds "5"]
[EventCountry "CAN"]
[SourceTitle "EXT 2011"]
[Source "ChessBase"]
[SourceDate "2011.11.26"]
[SourceVersion "1"]
[SourceVersionDate "2011.11.26"]
[SourceQuality "1"]

1. e4 c5 2. Nf3 g6 3. d4 cxd4 4. Nxd4 Bg7 5. Nc3 Nc6 6. Be3 a6 7. Qd2 e5 8. Nb3 Nf6 9. a4 O-O 10. Be2 b6 11. O-O Bb7 12. Rfd1 Qc7 13. g4 Ne7 14. f3 d5 15. exd5 Nfxd5 16. Nxd5 Nxd5 17. Bf2 Rfd8 18. Bf1 Nf4 19. Qe3 Qc6 20. c3 Bh6 21. Qe4 Qc7 22. Rxd8+ Rxd8 23. Qb4 Qc6 24. Qxb6 Qxf3 25. Qxd8+ Kg7 26. Bd4 Qh1+ 27. Kf2 Qf3+ 28. Kg1 Ne2+ 0-1

[Event "Montreal Mercredi 09"]
[Site "Montreal CAN"]
[Date "2008.09.10"]
[Round "2"]
[White "Panayotov, Ivo"]
[Black "Le Duin, Thierry"]
[Result "1-0"]
[WhiteElo "1963"]
[BlackElo "1967"]
[PlyCount "55"]
[GameId "2160767910328205"]
[EventDate "2008.09.03"]
[EventType "tourn"]
[EventRounds "5"]
[EventCountry "CAN"]
[SourceTitle "EXT 2011"]
[Source "ChessBase"]
[SourceDate "2011.11.26"]
[SourceVersion "1"]
[SourceVersionDate "2011.11.26"]
[SourceQuality "1"]

1. e4 d5 2. exd5 Nf6 3. d4 Bg4 4. Be2 Bxe2 5. Nxe2 Qxd5 6. O-O Nc6 7. b3 O-O-O 8. Bb2 e6 9. c4 Qh5 10. Nd2 Bd6 11. Nf3 g5 12. d5 Be7 13. Ng3 Qg6 14. Qe2 exd5 15. cxd5 Rxd5 16. Rac1 Bc5 17. Qc4 Rhd8 18. Bxf6 Qxf6 19. Ne4 Bxf2+ 20. Rxf2 Qg6 21. Nc3 Rf5 22. Nb5 Rd7 23. Re2 Qg8 24. Rce1 Rd8 25. Nfd4 Rf6 26. Re7 Rxd4 27. Nxa7+ Kb8 28. Nxc6+ 1-0

[Event "Montreal Mercredi 09"]
[Site "Montreal CAN"]
[Date "2008.09.10"]
[Round "2"]
[White "Plante, Michel"]
[Black "Levkovsky, Alexandre"]
[Result "1-0"]
[WhiteElo "1983"]
[BlackElo "2169"]
[PlyCount "61"]
[GameId "2160767910328206"]
[EventDate "2008.09.03"]
[EventType "tourn"]
[EventRounds "5"]
[EventCountry "CAN"]
[SourceTitle "EXT 2011"]
[Source "ChessBase"]
[SourceDate "2011.11.26"]
[SourceVersion "1"]
[SourceVersionDate "2011.11.26"]
[SourceQuality "1"]

1. d4 c5 2. dxc5 e6 3. Nd2 Bxc5 4. Ne4 Qb6 5. Nxc5 Qxc5 6. Nf3 Nf6 7. g3 Nc6 8. Bg2 d5 9. O-O O-O 10. a3 a5 11. b4 Qc4 12. Nd2 Qd4 13. Rb1 axb4 14. Bb2 Qg4 15. Bxf6 gxf6 16. axb4 Nxb4 17. c4 Na2 18. Qc2 d4 19. Ne4 Qg6 20. Rb2 f5 21. Nd6 Nc3 22. f4 Rd8 23. c5 Ra5 24. Bxb7 Rxc5 25. Nxc8 Rcxc8 26. Bxc8 Rxc8 27. Rd1 Qf6 28. e3 dxe3 29. Rd3 Ne2+ 30. Qxe2 Rc1+ 31. Kg2 1-0

[Event "Montreal Mercredi 09"]
[Site "Montreal CAN"]
[Date "2008.09.10"]
[Round "2"]
[White "Tremblay, Alain"]
[Black "Giroux, Robert"]
[Result "1-0"]
[WhiteElo "2028"]
[BlackElo "1930"]
[PlyCount "92"]
[GameId "2160767910328207"]
[EventDate "2008.09.03"]
[EventType "tourn"]
[EventRounds "5"]
[EventCountry "CAN"]
[SourceTitle "EXT 2011"]
[Source "ChessBase"]
[SourceDate "2011.11.26"]
[SourceVersion "1"]
[SourceVersionDate "2011.11.26"]
[SourceQuality "1"]

1. e4 c5 2. Nf3 g6 3. d4 cxd4 4. Nxd4 Nc6 5. Nc3 Bg7 6. Nxc6 bxc6 7. Bc4 Qa5 8. Qf3 e6 9. O-O Ba6 10. Bxa6 Qxa6 11. Bf4 e5 12. Bg5 f6 13. Be3 Qc4 14. Rfd1 Bf8 15. Rd3 Qe6 16. Rad1 d6 17. b3 h5 18. Bc1 Nh6 19. Ba3 Nf7 20. Na4 Be7 21. c4 c5 22. Nc3 a6 23. Bc1 Qg4 24. Nd5 Qxf3 25. Rxf3 Ra7 26. Nxf6+ Bxf6 27. Rxf6 Rg8 28. h4 a5 29. a4 Ke7 30. Rf3 Rb7 31. Rdd3 Rh8 32. Bd2 Ra8 33. Kh2 Rbb8 34. Kh3 Rh8 35. Rg3 Rhg8 36. Kh2 g5 37. hxg5 Nd8 38. f4 h4 39. Rg4 exf4 40. Bxf4 Ra6 41. e5 dxe5 42. Bxe5 Ne6 43. Bf6+ Kf7 44. Rd7+ Kg6 45. Rd5 Kh5 46. Kh3 Rg6 1-0

[Event "Montreal Mercredi 09"]
[Site "Montreal CAN"]
[Date "2008.09.10"]
[Round "2"]
[White "Tremblay, Sigfrid"]
[Black "Gauthier, Denis"]
[Result "0-1"]
[WhiteElo "1788"]
[BlackElo "1891"]
[PlyCount "113"]
[GameId "2160767910328208"]
[EventDate "2008.09.03"]
[EventType "tourn"]
[EventRounds "5"]
[EventCountry "CAN"]
[SourceTitle "EXT 2011"]
[Source "ChessBase"]
[SourceDate "2011.11.26"]
[SourceVersion "1"]
[SourceVersionDate "2011.11.26"]
[SourceQuality "1"]

1. e4 c5 2. Nc3 Nc6 3. g3 g6 4. Bg2 Bg7 5. d3 e6 6. Be3 d6 7. Qd2 Rb8 8. Nge2 Nd4 9. O-O b5 10. Nd1 Nxe2+ 11. Qxe2 Ne7 12. c3 O-O 13. Qd2 Re8 14. f3 b4 15. d4 bxc3 16. bxc3 cxd4 17. cxd4 Ba6 18. Re1 d5 19. Nf2 Qb6 20. Bf1 Bxf1 21. Kxf1 Nc6 22. Red1 Na5 23. Qd3 Nc4 24. Rdb1 Nxe3+ 25. Qxe3 Qxd4 26. Qxd4 Bxd4 27. Rxb8 Rxb8 28. Rd1 Bxf2 29. Kxf2 Rb2+ 30. Ke3 dxe4 31. Kxe4 Rxa2 32. h4 Kg7 33. Rd7 a5 34. g4 Rh2 35. Ra7 Rxh4 36. Kf4 Kf6 37. Kg3 Rh1 38. Rxa5 g5 39. Rb5 h5 40. gxh5 Rxh5 41. Kg4 Rh4+ 42. Kg3 e5 43. Rb6+ Kf5 44. Rb5 f6 45. Ra5 Rb4 46. Ra6 g4 47. fxg4+ Rxg4+ 48. Kh3 Rg6 49. Ra4 e4 50. Ra1 Ke5 51. Ra4 Kf4 52. Ra6 Kf3 53. Kh2 e3 54. Ra5 Rg5 55. Ra3 f5 56. Ra1 Kf2 57. Kh3 0-1

[Event "Montreal Mercredi 09"]
[Site "Montreal CAN"]
[Date "2008.09.17"]
[Round "3"]
[White "Cote, Philippe"]
[Black "Tremblay, Sigfrid"]
[Result "1/2-1/2"]
[WhiteElo "1717"]
[BlackElo "1788"]
[PlyCount "106"]
[GameId "2160767910328209"]
[EventDate "2008.09.03"]
[EventType "tourn"]
[EventRounds "5"]
[EventCountry "CAN"]
[SourceTitle "EXT 2011"]
[Source "ChessBase"]
[SourceDate "2011.11.26"]
[SourceVersion "1"]
[SourceVersionDate "2011.11.26"]
[SourceQuality "1"]

1. e4 d6 2. d4 Nf6 3. Nc3 g6 4. f4 Bg7 5. Nf3 c5 6. Bb5+ Bd7 7. e5 Ng4 8. e6 Bxb5 9. exf7+ Kd7 10. Nxb5 Qa5+ 11. Nc3 cxd4 12. Nxd4 Bxd4 13. Qxg4+ Qf5 14. Qxf5+ gxf5 15. Ne2 Nc6 16. c3 Bb6 17. Ng3 e6 18. Nf1 Rhf8 19. Be3 Bc7 20. O-O-O Rxf7 21. Nd2 Ke7 22. Nf3 h6 23. Rhe1 Re8 24. Bf2 Kf6 25. Bg3 e5 26. fxe5+ dxe5 27. Rd5 e4 28. Bxc7 Rxc7 29. Rd6+ Re6 30. Rxe6+ Kxe6 31. g4 Nb4 32. gxf5+ Kxf5 33. Nd4+ Ke5 34. Rf1 Nd3+ 35. Kc2 Nf4 36. Rxf4 Kxf4 37. Ne6+ Kf3 38. Nxc7 e3 39. Ne6 Kf2 40. Nd4 e2 41. Nxe2 Kxe2 42. c4 Ke3 43. Kc3 a5 44. b3 h5 45. a3 h4 46. b4 axb4+ 47. axb4 Kf2 48. c5 Kg2 49. b5 Kxh2 50. c6 bxc6 51. bxc6 h3 52. c7 Kg2 53. c8=Q h2 1/2-1/2

[Event "Montreal Mercredi 09"]
[Site "Montreal CAN"]
[Date "2008.09.17"]
[Round "3"]
[White "Gauthier, Denis"]
[Black "Lamouche, Andre"]
[Result "1/2-1/2"]
[WhiteElo "1891"]
[BlackElo "1752"]
[PlyCount "124"]
[GameId "2160767910328210"]
[EventDate "2008.09.03"]
[EventType "tourn"]
[EventRounds "5"]
[EventCountry "CAN"]
[SourceTitle "EXT 2011"]
[Source "ChessBase"]
[SourceDate "2011.11.26"]
[SourceVersion "1"]
[SourceVersionDate "2011.11.26"]
[SourceQuality "1"]

1. d4 Nf6 2. c4 c5 3. d5 d6 4. Nc3 g6 5. e4 Bg7 6. Bd3 O-O 7. Nge2 e6 8. O-O exd5 9. cxd5 a6 10. a4 Nbd7 11. Ng3 Qc7 12. h3 h5 13. Bg5 c4 14. Bc2 Rb8 15. Qd2 b5 16. axb5 axb5 17. Bh6 b4 18. Bxg7 Kxg7 19. Nce2 h4 20. Nh1 Nc5 21. f3 Qb6 22. Qd4 Ba6 23. Rfe1 b3 24. Bb1 Nd3 25. Bxd3 cxd3 26. Qxb6 Rxb6 27. Nc3 Nd7 28. Nf2 Nc5 29. Red1 Rc8 30. Rd2 Rb4 31. Ra3 Bc4 32. Ng4 f6 33. Ra7+ Rb7 34. Ra3 Rcc7 35. Ne3 Bb5 36. Ra5 Ba6 37. Rd1 Rb4 38. Rda1 Bc4 39. Kf2 d2 40. Ned1 Nd3+ 41. Ke3 Ne1 42. Kxd2 Nxg2 43. Ra7 Rbb7 44. Rxb7 Rxb7 45. Ne3 Nxe3 46. Kxe3 Rc7 47. Ra8 Bf1 48. Rd8 Bxh3 49. Rxd6 Bf1 50. Rc6 Rd7 51. Rb6 h3 52. Nd1 h2 53. Nf2 Bg2 54. Rxb3 h1=Q 55. Nxh1 Bxh1 56. Kf2 Kh6 57. Kg1 Bxf3 58. Rxf3 Kg5 59. b4 f5 60. exf5 gxf5 61. Rd3 Rd6 62. Kf2 Kf4 1/2-1/2

[Event "Montreal Mercredi 09"]
[Site "Montreal CAN"]
[Date "2008.09.17"]
[Round "3"]
[White "Germain, Max"]
[Black "Messier, Samuel"]
[Result "1-0"]
[WhiteElo "1582"]
[BlackElo "1608"]
[PlyCount "79"]
[GameId "2160767910328211"]
[EventDate "2008.09.03"]
[EventType "tourn"]
[EventRounds "5"]
[EventCountry "CAN"]
[SourceTitle "EXT 2011"]
[Source "ChessBase"]
[SourceDate "2011.11.26"]
[SourceVersion "1"]
[SourceVersionDate "2011.11.26"]
[SourceQuality "1"]

1. Nf3 Nf6 2. d4 d5 3. Bg5 Bf5 4. c3 Nbd7 5. Nbd2 e6 6. Nh4 Bg6 7. Nxg6 hxg6 8. e4 dxe4 9. Nxe4 c6 10. Qf3 Qb6 11. b3 Nxe4 12. Qxe4 Bd6 13. Bc4 O-O 14. O-O Qc7 15. f4 Nb6 16. Rf3 c5 17. Bd3 cxd4 18. cxd4 Rac8 19. Raf1 Nd5 20. h4 Nb4 21. Bc4 Nc6 22. Rh3 Nxd4 23. h5 Qc5 24. Kh1 b5 25. Bd3 f5 26. Qe1 Kf7 27. hxg6+ Kxg6 28. Qg3 Kf7 29. Rh7 Rh8 30. Qh4 Rxh7 31. Qxh7 Be7 32. Qh5+ Kg8 33. Qg6 Bxg5 34. fxg5 Qe7 35. Qh5 Rc3 36. g6 Qf6 37. Rd1 Kf8 38. Bxb5 Nxb5 39. Qh8+ Ke7 40. Qd8# 1-0

[Event "Montreal Mercredi 09"]
[Site "Montreal CAN"]
[Date "2008.09.17"]
[Round "3"]
[White "Giroux, Robert"]
[Black "Plante, Michel"]
[Result "1-0"]
[WhiteElo "1930"]
[BlackElo "1983"]
[PlyCount "93"]
[GameId "2160767910328212"]
[EventDate "2008.09.03"]
[EventType "tourn"]
[EventRounds "5"]
[EventCountry "CAN"]
[SourceTitle "EXT 2011"]
[Source "ChessBase"]
[SourceDate "2011.11.26"]
[SourceVersion "1"]
[SourceVersionDate "2011.11.26"]
[SourceQuality "1"]

1. e4 d6 2. d4 Nf6 3. Nc3 g6 4. Nf3 Bg7 5. h3 O-O 6. Be3 a6 7. a4 Nc6 8. Qd2 e5 9. dxe5 dxe5 10. Bc4 Qxd2+ 11. Nxd2 Nd4 12. Kd1 Rd8 13. Ne2 Nxe4 14. Nxe4 Nb3+ 15. Nd2 Nxa1 16. g4 b5 17. Bg5 bxc4 18. Bxd8 Bb7 19. Rg1 Rxd8 20. Kc1 a5 21. Nc3 Rd4 22. Ne2 Rd8 23. Nc3 Rd4 24. Ne2 Rd6 25. Nc3 Rf6 26. f3 Bxf3 27. Kb1 e4 28. Nxc4 Re6 29. Ne3 Bxc3 30. bxc3 Rc6 31. Nd5 Rc4 32. Kxa1 Rxa4+ 33. Kb2 Rc4 34. Ra1 Rc5 35. Nf6+ Kg7 36. Ne8+ Kf8 37. Nf6 h5 38. Nd7+ Ke7 39. Nxc5 hxg4 40. hxg4 Bxg4 41. Nxe4 f5 42. Nf2 Bf3 43. Rxa5 Kf6 44. Kc1 g5 45. Kd2 c6 46. c4 f4 47. Nh3 1-0

[Event "Montreal Mercredi 09"]
[Site "Montreal CAN"]
[Date "2008.09.17"]
[Round "3"]
[White "Landry, Martin"]
[Black "Chesnut, Walter"]
[Result "1-0"]
[WhiteElo "1565"]
[BlackElo "1569"]
[PlyCount "65"]
[GameId "2160767910328213"]
[EventDate "2008.09.03"]
[EventType "tourn"]
[EventRounds "5"]
[EventCountry "CAN"]
[SourceTitle "EXT 2011"]
[Source "ChessBase"]
[SourceDate "2011.11.26"]
[SourceVersion "1"]
[SourceVersionDate "2011.11.26"]
[SourceQuality "1"]

1. d4 d5 2. c4 c6 3. Nc3 dxc4 4. e4 b5 5. d5 Bb7 6. Bf4 Nf6 7. dxc6 Qxd1+ 8. Rxd1 Bxc6 9. Nd5 Na6 10. f3 Nh5 11. Nc7+ Nxc7 12. Bxc7 e6 13. Bd6 Rd8 14. e5 f6 15. Ne2 fxe5 16. Bxe5 Bb4+ 17. Nc3 Rxd1+ 18. Kxd1 Kf7 19. a3 Rd8+ 20. Kc2 Bxc3 21. bxc3 Nf6 22. Bd4 a6 23. Be2 Nd5 24. g3 e5 25. Bc5 e4 26. fxe4 Ne3+ 27. Kc1 Bxe4 28. Re1 Nd5 29. Bxc4 bxc4 30. Rxe4 Nxc3 31. Rxc4 Ne2+ 32. Kc2 Ng1 33. Bxg1 1-0

[Event "Montreal Mercredi 09"]
[Site "Montreal CAN"]
[Date "2008.09.17"]
[Round "3"]
[White "Le Duin, Thierry"]
[Black "Tremblay, Alain"]
[Result "1/2-1/2"]
[WhiteElo "1967"]
[BlackElo "2028"]
[PlyCount "48"]
[GameId "2160767910328214"]
[EventDate "2008.09.03"]
[EventType "tourn"]
[EventRounds "5"]
[EventCountry "CAN"]
[SourceTitle "EXT 2011"]
[Source "ChessBase"]
[SourceDate "2011.11.26"]
[SourceVersion "1"]
[SourceVersionDate "2011.11.26"]
[SourceQuality "1"]

1. d4 e6 2. Nf3 Nf6 3. Bg5 d5 4. e3 Be7 5. Nbd2 Nbd7 6. Bd3 c5 7. c3 b6 8. O-O Bb7 9. Ne5 Nxe5 10. dxe5 Nd7 11. Bxe7 Qxe7 12. f4 f6 13. Qh5+ Qf7 14. Qxf7+ Kxf7 15. Bb5 Rad8 16. Nf3 Ke7 17. Rad1 a6 18. Bxd7 Rxd7 19. Rd2 a5 20. a3 Bc6 21. Ra1 Ra8 22. Kf2 Rad8 23. Rad1 Ba4 24. Rc1 Bc6 1/2-1/2

[Event "Montreal Mercredi 09"]
[Site "Montreal CAN"]
[Date "2008.09.17"]
[Round "3"]
[White "Levkovsky, Alexandre"]
[Black "Panayotov, Ivo"]
[Result "0-1"]
[WhiteElo "2169"]
[BlackElo "1963"]
[PlyCount "130"]
[GameId "2160767910328215"]
[EventDate "2008.09.03"]
[EventType "tourn"]
[EventRounds "5"]
[EventCountry "CAN"]
[SourceTitle "EXT 2011"]
[Source "ChessBase"]
[SourceDate "2011.11.26"]
[SourceVersion "1"]
[SourceVersionDate "2011.11.26"]
[SourceQuality "1"]

1. e4 d5 2. exd5 Qxd5 3. Nc3 Qd6 4. d4 Nf6 5. Nf3 Bg4 6. Bb5+ c6 7. Be2 Nbd7 8. O-O e6 9. h3 Bxf3 10. Bxf3 O-O-O 11. Be3 Qc7 12. Qe2 Nb6 13. a4 Nbd5 14. Nxd5 Nxd5 15. Bg5 Be7 16. Bxe7 Qxe7 17. c3 h5 18. b4 g5 19. Bxd5 Rxd5 20. f4 g4 21. hxg4 hxg4 22. Qxg4 Rdh5 23. Rae1 f5 24. Qg3 Qh7 25. Kf2 Rg8 26. Qf3 Rh2 27. Rg1 Qh4+ 28. Kf1 Rg3 29. Qf2 Qg4 30. Re3 Qd1+ 31. Qe1 Qxe1+ 32. Rxe1 Kd7 33. Kf2 Rxc3 34. Rc1 Ra3 35. Ra1 Rxa1 36. Rxa1 Kd6 37. b5 c5 38. dxc5+ Kxc5 39. Rc1+ Kb6 40. Rd1 Rh6 41. Rd6+ Kc7 42. Rd4 a6 43. bxa6 bxa6 44. Rb4 Rh1 45. Ke2 Ra1 46. Kd3 Ra2 47. Kd4 Rxg2 48. Kc5 Rd2 49. Rc4 Rd5+ 50. Kb4+ Kd6 51. Rc8 Rd4+ 52. Ka5 Rxf4 53. Ra8 e5 54. Rxa6+ Kd5 55. Kb5 e4 56. Ra8 e3 57. Rd8+ Ke4 58. a5 Rf1 59. Kc4 Rc1+ 60. Kb3 Rc7 61. a6 Kf3 62. Rd1 e2 63. Ra1 Kf2 64. a7 Rxa7 65. Rxa7 e1=Q 0-1

[Event "Montreal Mercredi 09"]
[Site "Montreal CAN"]
[Date "2008.09.17"]
[Round "3"]
[White "Rainton, Jean-Pierre"]
[Black "Boyer, Eric"]
[Result "0-1"]
[WhiteElo "1702"]
[BlackElo "1585"]
[PlyCount "60"]
[GameId "2160767910328216"]
[EventDate "2008.09.03"]
[EventType "tourn"]
[EventRounds "5"]
[EventCountry "CAN"]
[SourceTitle "EXT 2011"]
[Source "ChessBase"]
[SourceDate "2011.11.26"]
[SourceVersion "1"]
[SourceVersionDate "2011.11.26"]
[SourceQuality "1"]

1. e4 e5 2. Nf3 Nc6 3. d4 exd4 4. c3 dxc3 5. Bc4 Be7 6. Qd5 Nh6 7. Bxh6 O-O 8. Bc1 Nb4 9. Qh5 g6 10. Qh6 Bf6 11. Ng5 Bxg5 12. Bxg5 Qxg5 13. Qxg5 cxb2 14. Qe5 Nc2+ 15. Kd2 bxa1=Q 16. Qxa1 Nxa1 17. Nc3 c6 18. a4 d6 19. Rxa1 Be6 20. Kd3 Bxc4+ 21. Kxc4 f5 22. exf5 Rxf5 23. f3 Re8 24. Rd1 d5+ 25. Kd3 Kf7 26. Rd2 Rfe5 27. f4 Re3+ 28. Kc2 a6 29. g4 b5 30. axb5 axb5 0-1

[Event "Montreal Mercredi 09"]
[Site "Montreal CAN"]
[Date "2008.09.17"]
[Round "3"]
[White "Serra, Luc"]
[Black "Gauthier, Luc"]
[Result "1/2-1/2"]
[WhiteElo "1611"]
[BlackElo "1684"]
[PlyCount "114"]
[GameId "2160767910328217"]
[EventDate "2008.09.03"]
[EventType "tourn"]
[EventRounds "5"]
[EventCountry "CAN"]
[SourceTitle "EXT 2011"]
[Source "ChessBase"]
[SourceDate "2011.11.26"]
[SourceVersion "1"]
[SourceVersionDate "2011.11.26"]
[SourceQuality "1"]

1. e4 Nf6 2. Nc3 d5 3. exd5 Nxd5 4. d4 Bf5 5. Bd3 Bxd3 6. Qxd3 c6 7. Ne4 e6 8. c3 Nd7 9. Ne2 N7f6 10. O-O Be7 11. N2g3 Nxe4 12. Nxe4 O-O 13. f4 Qb6 14. Kh1 Nf6 15. Nxf6+ Bxf6 16. b3 Rfd8 17. Qe3 Rxd4 18. Ba3 Rd1 19. Bc5 Rxf1+ 20. Rxf1 Qb5 21. Rd1 b6 22. Bd4 Rd8 23. Re1 Bxd4 24. cxd4 Qb4 25. Rd1 g6 26. Qg1 Rd5 27. h4 h5 28. g4 Qc3 29. Qg2 hxg4 30. Qxg4 Qc2 31. Rg1 Qe4+ 32. Kh2 Qf5 33. Qxf5 Rxf5 34. Kg3 Rd5 35. Rc1 c5 36. dxc5 bxc5 37. Rc4 a6 38. Kf3 Kf8 39. Ke4 f5+ 40. Ke3 Ke7 41. Ra4 Rd6 42. Rc4 Rc6 43. Rc1 Kd6 44. Rg1 c4 45. bxc4 Rxc4 46. Rxg6 Rc3+ 47. Kd4 Rf3 48. h5 Rxf4+ 49. Ke3 Rh4 50. Rh6 a5 51. Rh8 Ke5 52. h6 a4 53. h7 a3 54. Kf2 Ke4 55. Kg3 Rh1 56. Kg2 Rh4 57. Kg3 Rh1 1/2-1/2

[Event "Montreal Mercredi 09"]
[Site "Montreal CAN"]
[Date "2008.09.24"]
[Round "4"]
[White "Cote, Philippe"]
[Black "Poschmann, Jeremie"]
[Result "1-0"]
[WhiteElo "1717"]
[BlackElo "1835"]
[PlyCount "85"]
[GameId "2160767910328218"]
[EventDate "2008.09.03"]
[EventType "tourn"]
[EventRounds "5"]
[EventCountry "CAN"]
[SourceTitle "EXT 2011"]
[Source "ChessBase"]
[SourceDate "2011.11.26"]
[SourceVersion "1"]
[SourceVersionDate "2011.11.26"]
[SourceQuality "1"]

1. e4 e6 2. d3 d5 3. Nd2 c5 4. Ngf3 Nc6 5. g3 Bd6 6. Bg2 Nge7 7. O-O O-O 8. Re1 f6 9. c3 Bd7 10. Qe2 Be8 11. Nf1 Bf7 12. Ne3 Re8 13. Nh4 d4 14. Nc4 Bc7 15. e5 Bxe5 16. Nxe5 Nxe5 17. f4 N5c6 18. c4 Qd6 19. Bd2 a5 20. g4 Ng6 21. Nxg6 Bxg6 22. h4 h6 23. Qf2 Bxd3 24. f5 Bxc4 25. g5 hxg5 26. hxg5 exf5 27. Qxf5 fxg5 28. Bxg5 Rf8 29. Qg4 Bd5 30. Bh6 Qxh6 31. Bxd5+ Kh8 32. Kg2 Rf2+ 33. Kxf2 Qh2+ 34. Qg2 Rf8+ 35. Bf3 Qf4 36. Qh3+ Kg8 37. Qe6+ Rf7 38. Qe8+ Rf8 39. Qd7 d3 40. Qd5+ Rf7 41. Re8+ Kh7 42. Rh1+ Kg6 43. Re6+ 1-0

[Event "Montreal Mercredi 09"]
[Site "Montreal CAN"]
[Date "2008.09.24"]
[Round "4"]
[White "Gauthier, Luc"]
[Black "Rainton, Jean-Pierre"]
[Result "0-1"]
[WhiteElo "1684"]
[BlackElo "1702"]
[PlyCount "82"]
[GameId "2160767910328219"]
[EventDate "2008.09.03"]
[EventType "tourn"]
[EventRounds "5"]
[EventCountry "CAN"]
[SourceTitle "EXT 2011"]
[Source "ChessBase"]
[SourceDate "2011.11.26"]
[SourceVersion "1"]
[SourceVersionDate "2011.11.26"]
[SourceQuality "1"]

1. e4 e5 2. f4 d5 3. exd5 exf4 4. Nf3 Nf6 5. Bc4 Nxd5 6. O-O Be7 7. Bb3 O-O 8. c4 Nf6 9. d4 Bf5 10. Bxf4 Nbd7 11. Nc3 Ne4 12. Nd5 c6 13. Nxe7+ Qxe7 14. Re1 Ndf6 15. Bc2 Qd8 16. Be5 Nd6 17. Bxf5 Nxf5 18. Qd3 Nd6 19. Ng5 g6 20. Rf1 Ng4 21. Nxh7 Kxh7 22. Qh3+ Nh6 23. Bf6 Qc8 24. Qg3 Ne4 25. Qd3 Nxf6 26. Rxf6 Kg7 27. Rf3 Qc7 28. d5 cxd5 29. Qd4+ f6 30. cxd5 Qe5 31. Qa4 Qxd5 32. Rd1 Qc5+ 33. Kh1 Rad8 34. Rc3 Qe5 35. Rf1 Qd4 36. Rc7+ Rf7 37. Qa5 Rxc7 38. Qxc7+ Qd7 39. Qf4 Qf5 40. Qc1 Qd3 41. Qf4 Nf5 0-1

[Event "Montreal Mercredi 09"]
[Site "Montreal CAN"]
[Date "2008.09.24"]
[Round "4"]
[White "Germain, Max"]
[Black "Serra, Luc"]
[Result "1/2-1/2"]
[WhiteElo "1582"]
[BlackElo "1611"]
[PlyCount "76"]
[GameId "2160767910328220"]
[EventDate "2008.09.03"]
[EventType "tourn"]
[EventRounds "5"]
[EventCountry "CAN"]
[SourceTitle "EXT 2011"]
[Source "ChessBase"]
[SourceDate "2011.11.26"]
[SourceVersion "1"]
[SourceVersionDate "2011.11.26"]
[SourceQuality "1"]

1. d4 d6 2. c4 e5 3. Nf3 e4 4. Ng5 f5 5. Nc3 Be7 6. Nh3 Nf6 7. g3 c6 8. Bg2 d5 9. cxd5 Nxd5 10. O-O Be6 11. Nf4 Nxf4 12. Bxf4 O-O 13. f3 exf3 14. Bxf3 Nd7 15. Qd3 g5 16. Qe3 gxf4 17. Qxe6+ Kh8 18. gxf4 Rf6 19. Qe3 Rh6 20. Rf2 Bd6 21. Bh1 Qh4 22. Raf1 Rg8+ 23. Rg2 Rxg2+ 24. Bxg2 Qxh2+ 25. Kf2 Qh4+ 26. Qg3 Qxf4+ 27. Qxf4 Bxf4 28. e3 Bg5 29. e4 fxe4 30. Nxe4 Bf6 31. Nxf6 Rxf6+ 32. Ke3 Rxf1 33. Bxf1 Kg7 34. Bh3 Nb8 35. b4 Kf6 36. Ke4 Na6 37. a3 h5 38. Bc8 h4 1/2-1/2